000 00382nam a2200133Ia 4500
008 230917s9999||||xx |||||||||||||| ||und||
040 _e89739
_aMAIN
041 _aEnglish
082 _a370.15 Y1S
100 _aYadav, Ram Pal
245 0 _aStudy of the personality traits of science and commerce undergraduates at different levels of intelligence
300 _a93 p.
942 _cTH
999 _c86485
_d86485